| 000 | 00828 a2200301 4500 | ||
|---|---|---|---|
| 999 |
_c71311 _d19704 |
||
| 001 | 71311 | ||
| 003 | TR-AnTOB | ||
| 005 | 20230619084525.0 | ||
| 008 | 080722s2008 tu tur | ||
| 020 | _a9786056002403 | ||
| 040 |
_aTR-AnTOB _beng _cTR-AnTOB _erda |
||
| 041 | _atur | ||
| 050 |
_aQP801.A3 _bB33 2008 |
||
| 090 | _aQP801.A3 B33 2008 | ||
| 100 |
_aBabuna, Cahit _945600 |
||
| 245 | 0 |
_aAlkol esareti ve sağlık sorunları / _cCahit Babuna ; Gazanfer Sanlıtop. |
|
| 264 | 1 |
_aİstanbul: _bİş Dünyası Vakfı, _c2008. |
|
| 300 |
_a223 s.; _c21 cm. |
||
| 490 | 0 |
_aİş Dünyası Vakfı; _v2008/2. |
|
| 500 | _aKaynakça: s. 223. | ||
| 650 |
_aAlcohol _xHealth aspects _945603 |
||
| 700 |
_aSanlıtop, Gazanfer _945601 |
||
| 902 | _a024667 | ||
| 903 | _aMerkez Kütüphane | ||
| 942 |
_cBK _2lcc |
||
| 945 | _aCS | ||